000 00300nam a2200121Ia 4500
008 231129s1968||||xx |||||||||||||| ||spa||
082 _aGOR- 016
100 _aFrye Richard N.
245 0 _aLa herencia de Persia
260 _c1968
264 _aMadrid EspaƱa: Guadarrama 1965
942 _2ddc
_cBKS
999 _c17291
_d17291